| 000 | 00502nam a22001937a 4500 | ||
|---|---|---|---|
| 003 | OSt | ||
| 005 | 20180116182952.0 | ||
| 008 | 131205b xxu||||| |||| 00| 0 eng d | ||
| 020 | _a9788131518434 | ||
| 040 |
_a0 _c0 |
||
| 082 |
_211th Ed. _a657 POW 2012 |
||
| 100 | _aMarian powers, PhD. | ||
| 245 |
_aFinancial Accounting _cMarian powers, PhD. |
||
| 250 | _a11th Ed. | ||
| 260 |
_aNew Delhi _bCengage learning _c2012 |
||
| 300 |
_a705p. _bPB |
||
| 440 | _aFinancial Accounting | ||
| 942 |
_2ddc _cBK |
||
| 999 |
_c349564 _d349564 |
||